000
00326nam a22001337a 4500
008
181220b xxu||||| |||| 00| 0 eng d
020
_a
0815621671
041
_a
eng
080
_a
371
100
_a
46
101
_a
EDU
245
_a
A Step-by-Step Learning Guide for Older Retarded Children
_c
Johnson,V.M
942
_2
udc
_c
BK
999
_c
53556
_d
53556